000 00552nam a2200217Ia 4500
003 OSt
005 20220928143412.0
006 a|||||r|||| 00| 0
007 ta
008 220927b |||||||| |||| 00| 0 eng d
024 _a22040
037 _cTextual
040 _aSDCL
_cSDCL
_beng
041 _2eng
_aeng
082 _aO15,1B2y7K, M8
100 _aChimwal Umesh Chand
_9505381
245 0 _aKaran ka jivan darshana.
260 _c1988
942 _hO15,1B2y7K, M8
_cTEXL
_2CC
999 _c824059
_d824059